Hitler-Quiz - Statistiken

Allgemein
  • Dieses Quiz wurde 932 mal gespielt
    297 seit der letzten Aktualisierung
  • Das Durchschnittsergebnis liegt bei 12 aus 15
Antwortstatistiken
Satz/Frage Antwort % Korrekt
Anzahl an Kindern, die er hatte Keine
99%
Nation, in der Hitler geboren wurde Österreich-Ungarn
99%
Welche Religion wurde am meisten unterdrückt? Judentum
95%
Buch, in dem Hitler seine Ideologie des Nationalsozialismus verfasste Mein Kampf
95%
Todesursache Hitlers Suizid
92%
Lebensgefährtin, die er einen Tag vor seinem Tod heiratete Eva Braun
89%
Er war Vorsitzender dieser Partei NSDAP
89%
In welchem Jahr versuchte er einen Aufstand und scheiterte? 1923
87%
Welche Zahl wurde als Deckung für „Heil Hitler“ benutzt? 88
85%
Krieg, in dem Hitler Soldat war Erster Weltkrieg
78%
„Ich will auch gar nicht, daß Sie dafür stimmen! Deutschland soll frei werden, aber nicht durch Sie!“ Zu welcher Fraktion sagte Hitler diesen Spruch im Parlament? SPD
68%
Jahr, in dem Hitler vom Amtsgericht Berdesgarden offiziell für tot erklärt wurde 1956
67%
Politiker, der Adolf Hitler zum Reichskanzler ernennen ließ Paul von Hindenburg
64%
Grund für die Haft im Gefängnis Putschversuch
52%
Lieblingsspitzname (Hinweis: ein Tier) Wolf
42%
Keine übereinstimmenden Quizze gefunden
Verteilung der Resultate
Anzahl Personen mit jedem Resultat
Perzentil nach korrekt beantworteten Fragen
Ihre Resultats-Entwicklung
Sie haben dieses Quiz seit der letzten Aktualisierung nicht gespielt